Tribhuvan University Central Library

समाजशास्त्रको परिचय / (Record no. 117452)

MARC details
000 -LEADER
fixed length control field 00646nam a22002057a 4500
008 - FIXED-LENGTH DATA ELEMENTS--GENERAL INFORMATION
fixed length control field 241024b |||||||| |||| 00| 0 eng d
020 ## - INTERNATIONAL STANDARD BOOK NUMBER
International Standard Book Number 9789937913379
082 ## - DEWEY DECIMAL CLASSIFICATION NUMBER
Edition number 23rd.
Classification number N301/A417s
100 ## - MAIN ENTRY--PERSONAL NAME
Personal name आचार्य, बलराम
241 ## - ROMANIZED TITLE (BK AM CF MP MU VM)
Romanized title Samajshastrako parichaya /Balram Acharya.
245 ## - TITLE STATEMENT
Title समाजशास्त्रको परिचय /
Statement of responsibility, etc. बलराम आचार्य.
250 ## - EDITION STATEMENT
Edition statement 4th
260 ## - PUBLICATION, DISTRIBUTION, ETC.
Place of publication, distribution, etc. Kathmandu:
Name of publisher, distributor, etc. National Book Centre,
Date of publication, distribution, etc. 2080BS.
300 ## - PHYSICAL DESCRIPTION
Extent 333p.
504 ## - BIBLIOGRAPHY, ETC. NOTE
Bibliography, etc. note Includes bibliography
650 ## - SUBJECT ADDED ENTRY--TOPICAL TERM
Topical term or geographic name entry element Sociology
650 ## - SUBJECT ADDED ENTRY--TOPICAL TERM
Topical term or geographic name entry element Inequality
650 ## - SUBJECT ADDED ENTRY--TOPICAL TERM
Topical term or geographic name entry element Social change.
942 ## - ADDED ENTRY ELEMENTS (KOHA)
Source of classification or shelving scheme Dewey Decimal Classification
Koha item type ISBN
Holdings
Withdrawn status Lost status Source of classification or shelving scheme Damaged status Not for loan Home library Current library Date acquired Total Checkouts Full call number Barcode Date last seen Price effective from Koha item type
    Dewey Decimal Classification     Tribhuvan University Central Library Tribhuvan University Central Library 10/24/2024   N301/A417s IS29419 10/24/2024 10/24/2024 ISBN
    Dewey Decimal Classification     Tribhuvan University Central Library Tribhuvan University Central Library 10/24/2024   N301/A417s IS29420 10/24/2024 10/24/2024 ISBN